<?xml version="1.0" encoding="UTF-8"?>
<record
    xmlns:xsi="http://www.w3.org/2001/XMLSchema-instance"
    xsi:schemaLocation="http://www.loc.gov/MARC21/slim http://www.loc.gov/standards/marcxml/schema/MARC21slim.xsd"
    xmlns="http://www.loc.gov/MARC21/slim">

  <leader>00458nam a22001337a 4500</leader>
  <controlfield tag="008">230914b        |||||||| |||| 00| 0 eng d</controlfield>
  <datafield tag="020" ind1=" " ind2=" ">
    <subfield code="a">978-9966821966</subfield>
  </datafield>
  <datafield tag="050" ind1=" " ind2=" ">
    <subfield code="a">BV4520</subfield>
    <subfield code="b">.M35 2020</subfield>
  </datafield>
  <datafield tag="100" ind1=" " ind2=" ">
    <subfield code="a">Makori, Mary Nyanchama</subfield>
  </datafield>
  <datafield tag="245" ind1=" " ind2=" ">
    <subfield code="a">A recipe for raising a Godly offspring :</subfield>
    <subfield code="b">The components that make a happy, secure and enriching family</subfield>
    <subfield code="c">Mary Nyanchama Makori</subfield>
  </datafield>
  <datafield tag="260" ind1=" " ind2=" ">
    <subfield code="a">Kenya</subfield>
    <subfield code="b">OraclevHouse Publishers</subfield>
    <subfield code="c">2020</subfield>
  </datafield>
  <datafield tag="300" ind1=" " ind2=" ">
    <subfield code="a">vi, 213p.</subfield>
  </datafield>
  <datafield tag="942" ind1=" " ind2=" ">
    <subfield code="2">lcc</subfield>
    <subfield code="c">BK</subfield>
  </datafield>
  <datafield tag="999" ind1=" " ind2=" ">
    <subfield code="c">20289</subfield>
    <subfield code="d">20288</subfield>
  </datafield>
  <datafield tag="952" ind1=" " ind2=" ">
    <subfield code="0">0</subfield>
    <subfield code="1">0</subfield>
    <subfield code="2">lcc</subfield>
    <subfield code="7">0</subfield>
    <subfield code="a">KABU</subfield>
    <subfield code="b">KABU</subfield>
    <subfield code="d">2023-09-14</subfield>
    <subfield code="g">1000.00</subfield>
    <subfield code="i">0197/2023</subfield>
    <subfield code="l">0</subfield>
    <subfield code="o">BV4520 .M35 2020 C.1</subfield>
    <subfield code="p">34403</subfield>
    <subfield code="r">2023-09-14 00:00:00</subfield>
    <subfield code="t">C.1</subfield>
    <subfield code="w">2023-09-14</subfield>
    <subfield code="y">BK</subfield>
  </datafield>
  <datafield tag="952" ind1=" " ind2=" ">
    <subfield code="0">0</subfield>
    <subfield code="1">0</subfield>
    <subfield code="2">lcc</subfield>
    <subfield code="7">0</subfield>
    <subfield code="a">KABU</subfield>
    <subfield code="b">KABU</subfield>
    <subfield code="d">2023-09-14</subfield>
    <subfield code="g">1000.00</subfield>
    <subfield code="i">0192/2023</subfield>
    <subfield code="l">0</subfield>
    <subfield code="o">BV4520 .M35 2020 C.2</subfield>
    <subfield code="p">34404</subfield>
    <subfield code="r">2023-09-14 00:00:00</subfield>
    <subfield code="t">C.2</subfield>
    <subfield code="w">2023-09-14</subfield>
    <subfield code="y">BK</subfield>
  </datafield>
  <datafield tag="952" ind1=" " ind2=" ">
    <subfield code="0">0</subfield>
    <subfield code="1">0</subfield>
    <subfield code="2">lcc</subfield>
    <subfield code="7">0</subfield>
    <subfield code="a">KABU</subfield>
    <subfield code="b">KABU</subfield>
    <subfield code="d">2023-09-14</subfield>
    <subfield code="g">1000.00</subfield>
    <subfield code="i">0196/2023</subfield>
    <subfield code="l">0</subfield>
    <subfield code="o">BV4520 .M35 2020 C.3</subfield>
    <subfield code="p">34405</subfield>
    <subfield code="r">2023-09-14 00:00:00</subfield>
    <subfield code="t">C.3</subfield>
    <subfield code="w">2023-09-14</subfield>
    <subfield code="y">BK</subfield>
  </datafield>
  <datafield tag="952" ind1=" " ind2=" ">
    <subfield code="0">0</subfield>
    <subfield code="1">0</subfield>
    <subfield code="2">lcc</subfield>
    <subfield code="7">0</subfield>
    <subfield code="a">KABU</subfield>
    <subfield code="b">KABU</subfield>
    <subfield code="d">2023-09-14</subfield>
    <subfield code="g">1000.00</subfield>
    <subfield code="i">0193/2023</subfield>
    <subfield code="l">0</subfield>
    <subfield code="o">BV4520 .M35 2020 C.4</subfield>
    <subfield code="p">34407</subfield>
    <subfield code="r">2023-09-14 00:00:00</subfield>
    <subfield code="t">C.4</subfield>
    <subfield code="w">2023-09-14</subfield>
    <subfield code="y">BK</subfield>
  </datafield>
  <datafield tag="952" ind1=" " ind2=" ">
    <subfield code="0">0</subfield>
    <subfield code="1">0</subfield>
    <subfield code="2">lcc</subfield>
    <subfield code="7">0</subfield>
    <subfield code="a">KABU</subfield>
    <subfield code="b">KABU</subfield>
    <subfield code="d">2023-09-14</subfield>
    <subfield code="g">1000.00</subfield>
    <subfield code="i">0191/2023</subfield>
    <subfield code="l">0</subfield>
    <subfield code="o">BV4520 .M35 2020 C.5</subfield>
    <subfield code="p">34408</subfield>
    <subfield code="r">2023-09-14 00:00:00</subfield>
    <subfield code="t">C.5</subfield>
    <subfield code="w">2023-09-14</subfield>
    <subfield code="y">BK</subfield>
  </datafield>
  <datafield tag="952" ind1=" " ind2=" ">
    <subfield code="0">0</subfield>
    <subfield code="1">0</subfield>
    <subfield code="2">lcc</subfield>
    <subfield code="7">0</subfield>
    <subfield code="a">KABU</subfield>
    <subfield code="b">KABU</subfield>
    <subfield code="d">2023-09-14</subfield>
    <subfield code="g">1000.00</subfield>
    <subfield code="i">0195/2023</subfield>
    <subfield code="l">0</subfield>
    <subfield code="o">BV4520 .M35 2020 C.6</subfield>
    <subfield code="p">34409</subfield>
    <subfield code="r">2023-09-14 00:00:00</subfield>
    <subfield code="t">C.6</subfield>
    <subfield code="w">2023-09-14</subfield>
    <subfield code="y">BK</subfield>
  </datafield>
  <datafield tag="952" ind1=" " ind2=" ">
    <subfield code="0">0</subfield>
    <subfield code="1">0</subfield>
    <subfield code="2">lcc</subfield>
    <subfield code="7">0</subfield>
    <subfield code="a">KABU</subfield>
    <subfield code="b">KABU</subfield>
    <subfield code="d">2023-09-14</subfield>
    <subfield code="g">1000.00</subfield>
    <subfield code="i">0190/2023</subfield>
    <subfield code="l">0</subfield>
    <subfield code="o">BV4520 .M35 2020 C.7</subfield>
    <subfield code="p">34410</subfield>
    <subfield code="r">2023-09-14 00:00:00</subfield>
    <subfield code="t">C.7</subfield>
    <subfield code="w">2023-09-14</subfield>
    <subfield code="y">BK</subfield>
  </datafield>
  <datafield tag="952" ind1=" " ind2=" ">
    <subfield code="0">0</subfield>
    <subfield code="1">0</subfield>
    <subfield code="2">lcc</subfield>
    <subfield code="7">0</subfield>
    <subfield code="a">KABU</subfield>
    <subfield code="b">KABU</subfield>
    <subfield code="d">2023-09-14</subfield>
    <subfield code="g">1000.00</subfield>
    <subfield code="i">0194/2023</subfield>
    <subfield code="l">0</subfield>
    <subfield code="o">BV4520 .M35 2020 C.8</subfield>
    <subfield code="p">34406</subfield>
    <subfield code="r">2023-09-14 00:00:00</subfield>
    <subfield code="t">C.8</subfield>
    <subfield code="w">2023-09-14</subfield>
    <subfield code="y">BK</subfield>
  </datafield>
  <datafield tag="952" ind1=" " ind2=" ">
    <subfield code="0">0</subfield>
    <subfield code="1">0</subfield>
    <subfield code="2">lcc</subfield>
    <subfield code="7">0</subfield>
    <subfield code="a">KNTC</subfield>
    <subfield code="b">KNTC</subfield>
    <subfield code="d">2023-09-14</subfield>
    <subfield code="g">1000.00</subfield>
    <subfield code="i">0198/2023</subfield>
    <subfield code="l">1</subfield>
    <subfield code="o">BV4520 .M35 2020 C.1</subfield>
    <subfield code="p">34411</subfield>
    <subfield code="r">2023-10-02 00:00:00</subfield>
    <subfield code="s">2023-10-02</subfield>
    <subfield code="t">C.1</subfield>
    <subfield code="w">2023-09-14</subfield>
    <subfield code="y">BK</subfield>
  </datafield>
  <datafield tag="952" ind1=" " ind2=" ">
    <subfield code="0">0</subfield>
    <subfield code="1">0</subfield>
    <subfield code="2">lcc</subfield>
    <subfield code="7">0</subfield>
    <subfield code="a">KNTC</subfield>
    <subfield code="b">KABU</subfield>
    <subfield code="d">2023-09-14</subfield>
    <subfield code="g">1000.00</subfield>
    <subfield code="i">0199/2023</subfield>
    <subfield code="l">1</subfield>
    <subfield code="o">BV4520 .M35 2020 C.2</subfield>
    <subfield code="p">34412</subfield>
    <subfield code="r">2024-03-04 09:40:02</subfield>
    <subfield code="s">2023-11-17</subfield>
    <subfield code="t">C.2</subfield>
    <subfield code="w">2023-09-14</subfield>
    <subfield code="y">BK</subfield>
  </datafield>
</record>
